Flags With Stars on Them #2 - Statistics

General Stats
  • This quiz has been taken 46 times
  • The average score is 11 of 13
Answer Stats
Picture Answer % Correct
Morocco
94%
Panama
94%
Venezuela
94%
Ghana
91%
Bosnia & Herzegovina
88%
Syria
88%
Ethiopia
82%
Singapore
76%
Zimbabwe
76%
Marshall Islands
74%
Nauru
74%
Tajikistan
74%
East Timor
68%
No matching quizzes found
Score Distribution
Percent of People with Each Score
Percentile by Number Answered
Your Score History
You have not taken this quiz